[Jógázó anya-akt gyermekével - Péli Tamás rajza]
Elmentve itt :
| Szerző: | |
|---|---|
| Dokumentumtípus: | Cikk |
| Megjelent: |
1993
|
| Sorozat: | Tiszatáj
47 No. 6 |
| Kulcsszavak: | Rajz - grafika - magyar - 1993 |
| Online Access: | http://tiszataj.bibl.u-szeged.hu/15344 |
| LEADER | 00595nab a2200181 i 4500 | ||
|---|---|---|---|
| 001 | tisza15344 | ||
| 005 | 20200330153837.0 | ||
| 008 | 170209s1993 hu o 0|| hun d | ||
| 022 | |a 0133-1167 | ||
| 040 | |a SZTE Tiszatáj Archívum |b hun | ||
| 041 | |a hun | ||
| 100 | 1 | |a Péli Tamás | |
| 245 | 1 | 0 | |a [Jógázó anya-akt gyermekével - Péli Tamás rajza] |h [elektronikus dokumentum] / |c Péli Tamás |
| 260 | |c 1993 | ||
| 300 | |a 67 | ||
| 490 | 0 | |a Tiszatáj |v 47 No. 6 | |
| 695 | |a Rajz - grafika - magyar - 1993 | ||
| 856 | 4 | 0 | |u http://tiszataj.bibl.u-szeged.hu/15344/1/tiszataj_1993_006_067.pdf |z Dokumentum-elérés |